English Monarchs before 1066 - Statistics

General Stats
  • This quiz has been taken 6 times
  • The average score is 9 of 20
Answer Stats
Hint Answer % Correct
Is the only native-born English monarch to be labelled 'The Great' Alfred
100%
Danish king known as the great and ruled the North Sea Empire Cnut
83%
Regard him as the first King of England and captured York Athelstan
67%
Succeed his brother above and recovery York after he lost it however was killed in a brawl Edmund I
67%
Succeed his brother he was known as the Peaceful as there was no wars in his reign Edgar
50%
Known as Ironside and fought against the Danish king and his son Edmund II
50%
Restored house Wessex succeed his half-brother and was the last Wessex king and known by a epithet for his pious Edward the Confessor
50%
Conquering the southern Danelaw in East Anglia and the Five Boroughs of Viking east Mercia Edward the Elder
50%
Known as the Unready and succeed his brother Ethelred
50%
Known as Harefoot and son from king above Harold I
50%
Last Anglo-Saxon king and was form house of Godwin and died at Hastings Harold II
50%
Succeed his brother and son of Father and Emma of Normandy and last Danish king of England Harthacnut
50%
Danish king that conquer England Sweyn
50%
The greatest single battle in Anglo-Saxon history before Hastings Brunanburh
33%
Also succeed his brother above York last king was overthrow Eadred
33%
He succeed his uncle and during his reign the realm was splits south to him and north to his brother Eadwig
33%
Known as the Martyr because he was murdered Edward I
33%
This event cause the Danish king to invaded St Brice's Day massacre
17%
This reforms came to highs during above king reign and by monks Monastic Reform
0%
Is the king most famous battle and wining it Tettenhall
0%
No matching quizzes found
Score Distribution
Percent of People with Each Score
Percentile by Number Answered
Your Score History
You have not taken this quiz